Flag Map by Belizean District - Statistics

General Stats
  • This quiz has been taken 33 times
  • The average score is 4 of 6
Answer Stats
Picture Answer % Correct
Belize
91%
Toledo
83%
Orange Walk
70%
Cayo
65%
Corozal
65%
Stann Creek
61%
No matching quizzes found
Score Distribution
Percent of People with Each Score
Percentile by Number Answered
Your Score History
You have not taken this quiz